| 000 | 00398nam a2200109Ia 4500 | ||
|---|---|---|---|
| 008 | 171204s9999 xx 000 0 und d | ||
| 245 | _aPeople Analytics in the Era of Big Data: Changing the Way You Attract, Acquire, Develop, and Retain Talent | ||
| 245 | _cJean Paul Isson | ||
| 260 | _c2016 | ||
| 650 | _xBUSINESS INTELLIGENCE AND ANALYTICS | ||
| 856 | _uhttp://down.ebook777.com/040/1119050782.pdf | ||
| 999 |
_c347131 _d347131 |
||